[Event "FRA-chT1 1011"]
[Site "France"]
[Date "2010.11.14"]
[Round "3.3"]
[White "Ollier, Pablo"]
[Black "Wegner, Eric"]
[Result "1/2-1/2"]
[WhiteElo "2291"]
[BlackElo "2098"]
[PlyCount "120"]
[EventDate "2010.10.17"]
[EventType "team-tourn"]
[EventRounds "11"]
[EventCountry "FRA"]
[SourceTitle "EXT 2012"]
[Source "ChessBase"]
[SourceDate "2011.11.24"]
[SourceVersion "1"]
[SourceVersionDate "2011.11.24"]
[SourceQuality "1"]

1. d4 Nf6 2. c4 e6 3. Nc3 Bb4 4. e3 0-0 5. Bd3 d5 6. a3 Bxc3+ 7. bxc3 c5 8. cxd5 exd5 9. Ne2 Nc6 10. 0-0 Re8 11. f3 Qa5 12. Ra2 Be6 13. Rd2 Rac8 14. Re1 Nd7 15. Bb2 Nb6 16. Ng3 Na4 17. Ne2 Nxb2 18. Rxb2 Qxa3 19. Rxb7 cxd4 20. Rb3 Qd6 21. cxd4 Rb8 22. Rc3 g6 23. Qa1 Rb6 24. Rc5 Reb8 25. Rec1 Nb4 26. Qa3 Nxd3 27. Qxd3 Rb3 28. Nc3 Kg7 29. Qf1 Qb6 30. Qe1 Qd8 31. Qg3 R8b7 32. h3 f6 33. Ra1 Bf7 34. Ra6 R3b6 35. Rxb6 axb6 36. Rb5 Rc7 37. Rb3 Qe7 38. Qe1 Qe6 39. Qd2 Re7 40. Na4 Ra7 41. Rxb6 Qc8 42. Nc5 Ra1+ 43. Kf2 Qc7 44. Ra6 Rb1 45. f4 Qb8 46. Ra2 Rh1 47. Qb2 Qe8 48. Ra1 Rxa1 49. Qxa1 Qb8 50. Qa3 h5 51. Nd7 Qe8 52. Nc5 Qb8 53. h4 g5 54. hxg5 fxg5 55. fxg5 h4 56. Ne6+ Bxe6 57. Qe7+ Bf7 58. Qf6+ Kf8 59. Kg1 Qg3 60. Qd8+ Kg7 1/2-1/2

[Event "FRA-chT2 0910"]
[Site "France"]
[Date "2009.12.13"]
[Round "6.5"]
[White "Bellahcene, Bilel"]
[Black "Wegner, Eric"]
[Result "1/2-1/2"]
[WhiteElo "2013"]
[BlackElo "2084"]
[PlyCount "184"]
[EventDate "2009.09.27"]
[EventType "team-tourn"]
[EventRounds "11"]
[EventCountry "FRA"]
[SourceTitle "EXT 2011"]
[Source "ChessBase"]
[SourceDate "2010.11.26"]
[SourceVersion "1"]
[SourceVersionDate "2010.11.26"]
[SourceQuality "1"]

1. d4 Nf6 2. c4 e6 3. Nf3 d5 4. Nc3 Bb4 5. Qc2 0-0 6. Bg5 Nbd7 7. e3 c5 8. a3 Qa5 9. Rc1 Bxc3+ 10. Qxc3 Qxc3+ 11. bxc3 Ne4 12. Bf4 Nb6 13. Nd2 Nxd2 14. Kxd2 cxd4 15. cxd4 Nxc4+ 16. Bxc4 dxc4 17. Rxc4 Bd7 18. Rhc1 Rfc8 19. e4 Rxc4 20. Rxc4 Rc8 21. Kc3 Kf8 22. Rxc8+ Bxc8 23. Bb8 a6 24. Kc4 Ke8 25. Kc5 Kd7 26. a4 g6 27. Kb6 Kd8 28. a5 Kd7 29. Be5 Kd8 30. Bf6+ Kd7 31. g3 Kd6 32. h4 h5 33. f3 Kd7 34. g4 Kd6 35. Be5+ Kd7 36. Bf6 Kd6 37. Be5+ Kd7 38. Bg7 Kd8 39. gxh5 gxh5 40. Bf6+ Kd7 41. Kc5 Kc7 42. Be5+ Kd7 43. Kb6 Kd8 44. Bg3 Kd7 45. Bh2 Kd8 46. Be5 Kd7 47. Bf6 Kd6 48. Be5+ Kd7 49. Bb8 Kd8 50. Bc7+ Kd7 51. e5 Ke8 52. Bd6 Kd7 53. f4 Kd8 54. Bb4 Kd7 55. Be1 Kd8 56. Bg3 Kd7 57. Kc5 Ke7 58. Kb6 Kd7 59. Bf2 Kd8 60. Be3 Kd7 61. Kc5 Kc7 62. f5 Bd7 63. Bf4 Bc6 64. f6 Be4 65. Bh6 Bf3 66. Bf8 Be4 67. Bd6+ Kd7 68. Bb8 Bf3 69. Ba7 Be4 70. Bb6 Bf3 71. Kc4 Be4 72. Kc3 Kc6 73. Kd2 Kd5 74. Ke3 Bc2 75. Kf4 Kc6 76. Kg5 Bd1 77. Kh6 Kd7 78. Kg7 Ke8 79. d5 Bb3 80. d6 Ba4 81. Bc5 Bb5 82. Bb4 Ba4 83. d7+ Bxd7 84. Kh6 Bb5 85. Kxh5 Bd3 86. Kh6 Be2 87. Be7 Bd1 88. h5 Be2 89. Kg5 Bd1 90. h6 Bc2 91. Kf4 Kd7 92. Ke3 Kc6 1/2-1/2

[Event "FRA-chT2 0910"]
[Site "France"]
[Date "2009.10.04"]
[Round "1.6"]
[White "Wegner, Eric"]
[Black "Borni, Jean Bernard"]
[Result "1/2-1/2"]
[WhiteElo "2084"]
[BlackElo "2044"]
[PlyCount "85"]
[EventDate "2009.09.27"]
[EventType "team-tourn"]
[EventRounds "11"]
[EventCountry "FRA"]
[SourceTitle "EXT 2011"]
[Source "ChessBase"]
[SourceDate "2010.11.26"]
[SourceVersion "1"]
[SourceVersionDate "2010.11.26"]
[SourceQuality "1"]

1. d4 Nf6 2. c4 g6 3. Nf3 Bg7 4. g3 0-0 5. Bg2 c5 6. 0-0 cxd4 7. Nxd4 Nc6 8. Nc3 Rb8 9. b3 Qb6 10. Nc2 d6 11. Bb2 Bf5 12. Ne3 Be6 13. Na4 Qd8 14. Nd5 Bxd5 15. cxd5 Nb4 16. a3 Na6 17. Rc1 b5 18. Nc3 Nd7 19. b4 Nb6 20. Ba1 Qd7 21. Qd3 Nc7 22. Rc2 a6 23. Rfc1 Rfc8 24. e4 Nca8 25. h4 Rc4 26. Kh2 Rb7 27. Bh3 Qd8 28. Ne2 Bxa1 29. Rxa1 Rxc2 30. Qxc2 Rc7 31. Qd3 Na4 32. Nd4 Rc3 33. Qd2 Qc7 34. Nc6 e5 35. Rc1 Rxc1 36. Qxc1 N8b6 37. h5 f6 38. Qh6 Nc4 39. Bf1 Nab6 40. Na5 Qc8 41. Nc6 Qg4 42. Bg2 Qe2 43. Kg1 1/2-1/2

[Event "FRA-chT2 East 0809"]
[Site "France"]
[Date "2009.04.05"]
[Round "11.5"]
[White "Wegner, Eric"]
[Black "Duchateau, Thomas"]
[Result "1/2-1/2"]
[WhiteElo "2045"]
[BlackElo "2075"]
[PlyCount "72"]
[EventDate "2008.10.19"]
[EventType "team-tourn"]
[EventRounds "11"]
[EventCountry "FRA"]
[SourceTitle "EXT 2010"]
[Source "ChessBase"]
[SourceDate "2010.11.25"]
[SourceVersion "1"]
[SourceVersionDate "2010.11.25"]
[SourceQuality "1"]
[WhiteTeam "Grenoble"]
[BlackTeam "Mundolsheim"]
[WhiteTeamCountry "FRA"]
[BlackTeamCountry "FRA"]

1. d4 Nf6 2. c4 c5 3. Nf3 e6 4. g3 b6 5. d5 exd5 6. cxd5 d6 7. Bg2 g6 8. 0-0 Bg7 9. Nc3 0-0 10. Nd2 Ba6 11. a4 Bb7 12. Nc4 Ne8 13. Bf4 g5 14. Be3 f5 15. f4 g4 16. Bf2 Bxc3 17. bxc3 Nf6 18. Re1 Qd7 19. Ne3 Re8 20. Qc2 Bc8 21. Nf1 Ne4 22. Nd2 Qe7 23. Nxe4 fxe4 24. Be3 Nd7 25. Bc1 c4 26. Rd1 Nf6 27. Rd4 Ba6 28. Ba3 Rac8 29. Qb2 Kg7 30. Qb4 Rc5 31. Rad1 Kg6 32. e3 Kf5 33. Qb1 Ra5 34. Qb4 Rc5 35. Qb1 Ra5 36. Qb4 Rc5 1/2-1/2

[Event "Val Thorens op 34th"]
[Site "Val Thorens"]
[Date "2008.07.23"]
[Round "5"]
[White "Wegner, Eric"]
[Black "Charrier, Jean Claude"]
[Result "1-0"]
[WhiteElo "2053"]
[BlackElo "1799"]
[PlyCount "60"]
[EventDate "2008.07.19"]
[EventType "swiss"]
[EventRounds "9"]
[EventCountry "FRA"]
[SourceTitle "EXT 2009"]
[Source "ChessBase"]
[SourceDate "2008.11.26"]
[SourceVersion "1"]
[SourceVersionDate "2008.11.26"]
[SourceQuality "1"]

1. d4 d5 2. c4 c6 3. Nc3 Nf6 4. Nf3 Nbd7 5. Qc2 dxc4 6. e3 e6 7. Bxc4 b5 8. Bd3 Bb7 9. 0-0 a6 10. e4 c5 11. Bg5 Be7 12. Qe2 0-0 13. Rad1 b4 14. Na4 cxd4 15. e5 Bxf3 16. gxf3 Nd5 17. Bc1 Qc7 18. f4 g6 19. Be4 N7b6 20. Nxb6 Qxb6 21. Rd3 Rad8 22. Kh1 Bc5 23. h4 f5 24. Bg2 Rd7 25. h5 Qa7 26. Rg1 Rff7 27. Bxd5 Rxd5 28. hxg6 Rg7 29. Qh5 Rdd7 30. gxh7+ Kh8 1-0

[Event "FRA-chT2C 0506"]
[Site "France"]
[Date "2006.01.15"]
[Round "6.8"]
[White "Merieux, Christophe"]
[Black "Wegner, Eric"]
[Result "1-0"]
[WhiteElo "2099"]
[BlackElo "2098"]
[PlyCount "49"]
[EventDate "2005.10.27"]
[EventType "team"]
[EventRounds "11"]
[EventCountry "FRA"]
[SourceTitle "EXT 2006"]
[Source "ChessBase"]
[SourceDate "2005.11.24"]
[SourceVersion "1"]
[SourceVersionDate "2005.11.24"]
[SourceQuality "1"]

1. e4 e5 2. Nf3 Nf6 3. Nc3 Nc6 4. d4 exd4 5. Nd5 Nxe4 6. Qe2 f5 7. Ng5 d3 8. cxd3 Nd4 9. Qh5+ g6 10. Qh4 Nc2+ 11. Kd1 Nxa1 12. dxe4 Bg7 13. exf5 h6 14. fxg6 0-0 15. Ne7+ Qxe7 16. Bc4+ Kh8 17. Re1 Qd6+ 18. Bd2 Qxg6 19. Re7 Bf6 20. Bd3 Qxd3 21. Nf7+ Kg8 22. Nxh6+ Kh8 23. Nf7+ Kg8 24. Qh8+ Bxh8 25. Nh6# 1-0